F1 Drivers number - Statistiques

Statistiques générales
  • Ce quiz a été pris 351 fois
  • Le résultat moyen est 12 sur 20
Statistiques - réponses
Hint Réponse % Correct
Max Verstappen 1
86%
Charles Leclerc 16
82%
Lewis Hamilton 44
82%
Pierre Gasly 10
77%
Lando Norris 4
77%
Carlos Sainz 55
77%
George Russell 63
70%
Daniel Ricciardo 3
68%
Valtteri Bottas 77
66%
Oscar Piastri 81
65%
Sergio Perez 11
63%
Esteban Ocon 31
60%
Fernando Alonso 14
58%
Yuki Tsunoda 22
53%
Lance Stroll 18
52%
Logan Sargeant 2
48%
Nico Hulkenberg 27
44%
Alexander Albon 23
43%
Kevin Magnussen 20
35%
Zhou Guanyu 24
32%
Aucun quiz correspondant
Distribution des résultats
% des personnes avec chaque résultat
Percentile par nombre de réponses
Votre historique - résultats
Vous n’avez pas pris ce quiz